000 00702nam a2200241Ia 4500
003 OSt
005 20220918201048.0
006 a|||||r|||| 00| 0
007 ta
008 220917b |||||||| |||| 00| 0 eng d
024 _a91,457
037 _cTextual
040 _aARTS
_cARTS
_beng
041 _2eng
_aeng
082 _aV1:19(zM).N7, M0
100 _aSchamis Gerarde Jorge
_996628
245 0 _aWar and terrorism in international affaris tr by Danielle Satti
260 _aNew Brunswick
_bTransaction Books
_c1980
300 _avi, 89p.
_ccm.
650 _aWAR; WORLD HISTORY
942 _hV1:19(zM).N7, M0
_cTEXL
_2CC
999 _c215116
_d215116